000 01186cab a2200337 4500
001 ABS53151
008 090401t1995 xxu||||| |||| 00| 0 eng d
035 _a(Sirsi) u2408
041 _aeng
100 _aFenn, P.
245 _aSueing and settling
260 _c1995
350 _a0
490 _aContract Journal
_v379(6033) 13 July 1995, 22-23(2)
520 _aDisplays some findings from research into the extent of litigation in the construction industry, particularly looks at types of mediation used and their success.
650 _aMANAGEMENT-DISPUTE AVOIDANCE, MANAGEMENT AND RESOLUTION-DISPUTE MANAGEMENT AND RESOLUTION-ALTERNATIVE DISPUTE RESOLUTION-ADJUDICATION
650 _aALTERNATIVE DISPUTE RESOLUTION
650 _aALTERNATIVE DISPUTE RESOLUTION
650 _aCONSTRUCTION DISPUTES
650 _aCONSTRUCTION INDUSTRY
650 _aCOSTS
650 _aMEDIATION
650 _aREDUCTION
650 _aSURVEYS
650 _aUMIST
690 _aMANAGEMENT-DISPUTE AVOIDANCE, MANAGEMENT AND RESOLUTION-DISPUTE MANAGEMENT AND RESOLUTION-ARBITRATION
690 _aBUILT ENVIRONMENT
700 _aO`Shea, M.
942 _n0
948 _c04/03/1997
999 _c1453
_d1453